LDR 01961naa#a2200385#i#450# 001 EN\\bibl\97252 005 20260704101021.6 011 ## _a1681-1208 100 ## _a20260428b2026####ek#y0engy0150####ca 101 0# _aENG 102 ## _aRU 200 1# _aOn the Choice of Tidal Forcing at the Open Boundaries in a High-Resolution Regional Kara Sea Model _eJournal article 210 1# _aMoscow _cGeophysical Center of the Russian Academy of Sciences _d2026 215 ## _a0 с. 606 ## _aНауки о Земле. 05.06.01 _2local 608 ## _aJournal article _2local 675 ## _aРегиональная океанология (региональная океанография) окраинных морей и их подразделений, прилегающих к суше. 551.468 _aГеология. Геологические и геофизические науки. 55 _aСейсмология. 550.34 _aГлавное магнитное поле Земли. 550.383 _zENG 686 ## _aНауки о Земле. 26 _2bbk 686 ## _aОкеанография. 6345 _2tbk 686 ## _aНауки о Земле. Экология. 63 _2tbk 686 ## _aОкеанология. 37.25 _2grnti 686 ## _aОбщие вопросы геофизики. 37.01 _2grnti 686 ## _aГеомагнетизм и высокие слои атмосферы. 37.15 _2grnti 686 ## _aФизика Земли. 37.31 _2grnti 686 ## _aОбщие вопросы геологии. 38.01 _2grnti 686 ## _aГЕОДЕЗИЯ. КАРТОГРАФИЯ. 36.00 _2grnti 686 ## _aГЕОФИЗИКА. 37.00 _2grnti 686 ## _aГЕОЛОГИЯ. 38.00 _2grnti 686 ## _aГЕОГРАФИЯ. 39.00 _2grnti 686 ## _aГОРНОЕ ДЕЛО. 52.00 _2grnti 700 #1 _aMartyanov _gStanislav Dmitrievich 700 #1 _aDvornikov _gAnton Yurievich 700 #1 _aSein _gDmitry Vladimirovich 700 #1 _aGorchakov _gVictor Anatolievich 856 4# _aras.editorum.ru _u